Countries of the World - Two Minute Sprint (advanced) - Statistics

General Stats
  • This quiz has been taken 1,398 times
  • The average score is 63 of 196
Answer Stats
Country % Correct
United States
90%
United Kingdom
88%
France
80%
Canada
79%
Russia
75%
Spain
75%
China
73%
Mexico
69%
Germany
67%
Brazil
65%
Japan
65%
India
64%
Ireland
64%
Sweden
63%
Chile
62%
Italy
62%
Australia
61%
Norway
60%
Peru
59%
Finland
58%
Iceland
57%
Portugal
56%
Iran
53%
Argentina
52%
Cuba
51%
Iraq
51%
Poland
50%
Democratic Republic of the Congo
49%
Ukraine
49%
Greece
48%
Denmark
47%
Austria
46%
United Arab Emirates
46%
Egypt
45%
Latvia
45%
Albania
44%
Estonia
43%
Fiji
43%
Andorra
42%
Haiti
42%
Niger
42%
Togo
42%
Chad
41%
Oman
41%
Panama
41%
Republic of the Congo
41%
Yemen
41%
Belgium
40%
New Zealand
40%
South Korea
40%
Algeria
39%
Nigeria
38%
Indonesia
37%
Laos
37%
Mali
36%
North Korea
36%
Paraguay
36%
South Africa
36%
Tonga
36%
Benin
35%
Colombia
35%
Israel
35%
Lithuania
35%
Nepal
35%
Thailand
35%
Turkey
35%
Belarus
34%
Bolivia
34%
Croatia
34%
Ecuador
34%
Ghana
34%
Libya
34%
Mongolia
34%
Netherlands
34%
Uruguay
34%
Malta
33%
Monaco
33%
Palau
33%
Serbia
33%
Sudan
33%
Vatican City
33%
Vietnam
33%
Afghanistan
32%
Belize
32%
Bhutan
32%
Central African Republic
32%
Hungary
32%
Nauru
32%
Romania
32%
Angola
31%
Armenia
31%
Honduras
31%
Jamaica
31%
Pakistan
31%
Samoa
31%
Slovenia
31%
Slovakia
30%
Syria
30%
Venezuela
30%
Bosnia and Herzegovina
29%
Bulgaria
29%
Costa Rica
29%
Dominica
29%
Taiwan
29%
Nicaragua
28%
Sri Lanka
28%
Tuvalu
28%
Cambodia
27%
Georgia
27%
Guatemala
27%
Guyana
27%
Morocco
27%
Qatar
27%
Bahamas
26%
Burma
26%
Cyprus
26%
Guinea
26%
Jordan
26%
Kosovo
26%
San Marino
26%
Kenya
25%
Kiribati
25%
Saudi Arabia
25%
Suriname
25%
Switzerland
25%
Trinidad and Tobago
25%
Tunisia
25%
Antigua and Barbuda
24%
Gabon
24%
Gambia
24%
Lesotho
24%
Malaysia
24%
Philippines
24%
South Sudan
24%
Vanuatu
24%
Azerbaijan
23%
Bahrain
23%
Brunei
23%
Kuwait
23%
Moldova
23%
Rwanda
23%
Singapore
23%
St Kitts and Nevis
23%
Uganda
23%
Lebanon
22%
Luxembourg
22%
St Lucia
22%
Barbados
21%
Ethiopia
21%
Malawi
21%
St Vincent and the Grenadines
21%
Dominican Republic
20%
Grenada
20%
Somalia
20%
Cameroon
19%
El Salvador
19%
Liberia
19%
Macedonia
19%
Namibia
19%
Senegal
19%
Bangladesh
18%
Zambia
18%
Botswana
17%
Burundi
17%
Kazakhstan
17%
Montenegro
17%
Papua New Guinea
17%
Tanzania
17%
Eritrea
16%
Madagascar
16%
East Timor
15%
Liechtenstein
15%
Swaziland
15%
Zimbabwe
15%
Comoros
14%
Czech Republic
14%
Maldives
14%
Mozambique
14%
Djibouti
13%
Federated States of Micronesia
13%
Guinea-Bissau
13%
São Tomé and Príncipe
13%
Côte d'Ivoire
12%
Uzbekistan
12%
Cape Verde
11%
Sierra Leone
11%
Solomon Islands
11%
Tajikistan
11%
Burkina Faso
10%
Kyrgyzstan
10%
Mauritania
10%
Seychelles
10%
Turkmenistan
10%
Marshall Islands
9%
Mauritius
9%
Equatorial Guinea
5%
No matching quizzes found
Score Distribution
Percent of People with Each Score
Percentile by Number Answered
Your Score History
You have not taken this quiz